| 000 | 00590nam a2200181Ia 4500 | ||
|---|---|---|---|
| 999 |
_c22473 _d22473 |
||
| 003 | OSt | ||
| 005 | 20201110122857.0 | ||
| 008 | 190216s9999||||xx |||||||||||||| ||und|| | ||
| 020 | _a8172241593 | ||
| 040 | _coclc | ||
| 082 |
_a892.73 _bGIB/K |
||
| 100 | 1 |
_aGibran, Kahlil, _92057 _d1883-1931 |
|
| 245 | 0 |
_aKhalil Gibran reader : _bSpirits rebellious. Secrets of the heart. Tears and laughter / _cKhalil Gibran |
|
| 260 |
_bJaico Publishing House, _aDelhi: _c1999. |
||
| 300 | _a361p | ||
| 650 | _xArabic Literature | ||
| 942 |
_cBK _2ddc _h892.73 _iGIB/K _k892.73 _mGIB/K |
||